Budúcnosť osobných dát v oblasti mobility
Enregistré dans:
| Auteur principal: | |
|---|---|
| Autres auteurs: | |
| Format: | Manuscrit Livre |
| Langue: | slovaque |
| Publié: |
Bratislava
2020
|
| Sujets: | |
| Accès en ligne: | http://is.stuba.sk/zp/portal_zp.pl?podrobnosti=152440 |
| Tags: |
Pas de tags, Soyez le premier à ajouter un tag!
|
MARC
| LEADER | 00000ntm a22000003a 4500 | ||
|---|---|---|---|
| 001 | stuzp80115 | ||
| 003 | SK-STU | ||
| 005 | 20200812103239.0 | ||
| 007 | ta | ||
| 008 | 150427s2015----xo-----f-mn---000-0-slo-d | ||
| 040 | |a STU |b slo | ||
| 041 | 0 | |a slo | |
| 100 | 1 | |a Tomulcová, Monika |u 059190 |4 aut |U FAD Fakulta architektúry |T FA Ústav dizajnu |X 65471 |U A9190 |Y 400 |7 65471 | |
| 242 | 0 | 1 | |a Future of Personal Data in the Field of Mobility |y eng |
| 245 | 1 | 0 | |a Budúcnosť osobných dát v oblasti mobility |
| 260 | |c 2020 |a Bratislava | ||
| 650 | 4 | |a doprava |2 slo | |
| 650 | 4 | |a generácia Alfa |2 slo | |
| 650 | 4 | |a Škoda |2 slo | |
| 650 | 4 | |a dáta |2 slo | |
| 650 | 4 | |a informácie |2 slo | |
| 650 | 4 | |a zdieľanie dát |2 slo | |
| 650 | 4 | |a súhlas |2 slo | |
| 650 | 4 | |a súkromie |2 slo | |
| 650 | 4 | |a budúcnosť dopravy |2 slo | |
| 650 | 4 | |a transparentnosť |2 slo | |
| 650 | 4 | |a budúcnosť dát |2 slo | |
| 650 | 4 | |a 2030 |2 slo | |
| 650 | 4 | |a vizualizovanie dát |2 slo | |
| 650 | 4 | |a generation Alpha |2 eng | |
| 650 | 4 | |a Skoda |2 eng | |
| 650 | 4 | |a mobility |2 eng | |
| 650 | 4 | |a data sharing |2 eng | |
| 650 | 4 | |a future of data |2 eng | |
| 650 | 4 | |a data visualisation |2 eng | |
| 650 | 4 | |a trust |2 eng | |
| 650 | 4 | |a 2030 |2 eng | |
| 650 | 4 | |a privacy |2 eng | |
| 650 | 4 | |a personal information |2 eng | |
| 700 | 1 | |a Lipková, Michala |u 059190 |k Z1 |4 ths |U FAD Fakulta architektúry |T FA Ústav dizajnu |X 15371 |U A9190 |Y 400 |7 A000015371 | |
| 856 | 4 | |u http://is.stuba.sk/zp/portal_zp.pl?podrobnosti=152440 |u https://opac.crzp.sk/?fn=detailBiblioForm&sid=2DE4D0DBB221E90D1088FABEC259 | |